| 000 | 00366nam a2200109Ia 4500 | ||
|---|---|---|---|
| 008 | 171204s9999 xx 000 0 und d | ||
| 245 | 2 | _aA New Rhetoric: Essays On Using The Internet To Communicate: | |
| 245 | _cR E Stewart | ||
| 260 | _c2015 | ||
| 650 | _xDIGITAL INFORMATION AND COMMUNICATION DEVELOPMENT | ||
| 856 | _uhttp://down.ebook777.com/007/978-1517010690.pdf | ||
| 999 |
_c346305 _d346305 |
||